000 00917nam a2200205Ia 4500
001 3300
003 GE_BSU
008 181216s||||||||xx |||||||||||||| ||und||
040 _cGE_BSU
080 _a658.58(035)
245 _aСправочник механика машиностроительного завода в двух томах. Том 1. Организация и конструкторская подготовка ремонтных работ.
245 _cПод ред. Ю.С.Борисова. Р.А.Носкина. Ред. Р.А.Носкин.
250 _aИзд. второе, переработанное и дополненное.
260 _aМ.
260 _bМашиностроение.
260 _c1971.
300 _a622 стр. 22 см.
653 _aСправочник механика машиностроительного завода в двух томах.
942 _cBK
999 _c37341
_d37341